Simulation of convective cloudiness, rainfall, and associated phenomena caused by industrial heat released directly to the atmosphere /

Bibliographic Details
Main Author: Murray, Francis W., 1921-
Corporate Authors: United States. Department of Energy, Rand Corporation
Other Authors: Koenig, Lloyd Randall, 1929-
Format: Book
Language:English
Published: Santa Monica, Calif. : Rand, 1979.
Subjects:

MARC

Tag First Indicator Second Indicator Subfields
LEADER 00000cam a2200000 i 4500
001 in00001077921
005 20150929111603.0
008 790518s1979 caua b 000 0 eng
010 |a  79015477  
020 |a 0833001337 
035 |a (OCoLC)05101548 
035 |9 AFQ4679AM 
040 |a DLC  |c DLC  |d m.c.  |d TXA  |d UtOrBLW 
049 |a TXAM 
050 0 0 |a AS36  |b .R3 R-2456  |a QC921.5 
082 0 |a 081 s  |a 551.6 
090 |a QC921.5  |b .M88 1979 
100 1 |a Murray, Francis W.,  |d 1921- 
245 1 0 |a Simulation of convective cloudiness, rainfall, and associated phenomena caused by industrial heat released directly to the atmosphere /  |c Francis W. Murray, L. Randall Koenig ; prepared for the U.S. Department of Energy. 
264 1 |a Santa Monica, Calif. :  |b Rand,  |c 1979. 
300 |a xiii, 93 pages :  |b illustrations ;  |c 28 cm. 
336 |a text  |b txt  |2 rdacontent 
337 |a unmediated  |b n  |2 rdamedia 
338 |a volume  |b nc  |2 rdacarrier 
504 |a Bibliography: pages 87-93. 
500 |a "R-2456-DOE." 
500 |a "June 1979." 
650 0 |a Cloud physics  |x Mathematical models. 
650 0 |a Cooling towers  |x Environmental aspects  |x Mathematical models. 
700 1 |a Koenig, Lloyd Randall,  |d 1929- 
710 1 |a United States.  |b Department of Energy. 
710 2 |a Rand Corporation. 
999 |a MARS 
999 f f |s 980690d4-ff1b-3c77-9cb2-8c246f0f94ef  |i dc2be342-779c-3796-98f1-d4910c2379f0  |t 0 
952 f f |p ric  |a Texas A&M University  |b Rellis Campus  |c Joint Library Facility  |d Remote Storage  |t 0  |e QC921.5 .M88 1979  |h Library of Congress classification  |i unmediated -- volume  |m A14816203809 
998 f f |a QC921.5 .M88 1979  |t 0  |l Remote Storage